000 00834nam a22002297a 4500
005 20120411115531.0
008 120411t xxu||||| |||| 00| 0 eng d
010 _aENG-105099
020 _a9788183822954
_c225.00
035 _aEN-88632
037 _bDBAD/PUB
040 _aDPL
_bEng
082 _a370.78
100 _944715
_aKanwarjit Singh
245 _aMethodology of educational research /
_cby Kanwarjit Singh
260 _aNew Delhi
_bLotus Press
_c2012
270 _a4735/22,Prakash Deep Building,Ansari Road,Darya Ganj,
_bNew Delhi
_e110002
300 _a302p.
_c22cm(pbk)
500 _aIncludes index
942 _2ddc
_cEN
_mKAN
_h370.78
999 _c65640
_d65640